000 00355cam a2200157ua 4500
041 _aeng
_h
082 _a028.76
_bSAH/WH
100 _aSahitya academy, .
245 _aWho`s who of Indian writers
250 _a1 /
_b.
260 _aNew Delhi :
_bSahitya Academy ,
_c1961.
300 _a410 ; .
504 _a
942 _cBK
999 _c8888
_d8888